A history of Britain in 21 women : a personal selection
| Main Author: | |
|---|---|
| Format: | Book |
| Published: |
London :
Oneworld Publications ,
2016
|
| Subjects: |
MARC
| LEADER | 00000cam a2200000 7i4500 | ||
|---|---|---|---|
| 001 | 0000216291 | ||
| 005 | 20171205.0 | ||
| 020 | |a 9781780749907 | ||
| 090 | 0 | 0 | |a 941.0099 |b MUR |
| 100 | 1 | |a Murray, Jenni | |
| 245 | 1 | 2 | |a A history of Britain in 21 women : |b a personal selection |c Jenni Murray |
| 260 | |a London : |b Oneworld Publications , |c 2016 | ||
| 300 | |a 277p. ; |c 24cm. | ||
| 650 | 0 | |a Women |z Great Britain | |
| 651 | 0 | |a Great Britain |x History | |
| 999 | |a 00345883 |b BUKU |c PINJAMAN |e PERPUSTAKAAN KOMUNITI PETALING JAYA | ||